Jak si půjčovat peníze

Gespeichert in:
Bibliographische Detailangaben
1. Verfasser: Wood, Oliver G.
Weitere Verfasser: Barksdale, William C., Prudký, Pavel
Format: Buch
Sprache:Tschechisch
Veröffentlicht: Praha Victoria Publ. 1994
Ausgabe:1. vyd.
Schlagworte:
Tags: Tag hinzufügen
Keine Tags, Fügen Sie das erste Tag hinzu!

MARC

LEADER 00000nam a2200000 4500
001 c005714
005 20230228111509.9
020 |a 80-85605-13-9 
041 0 |a cze 
044 |a CZ 
245 1 0 |a Jak si půjčovat peníze  |c Oliver G. Wood, William C. Barksdale ; [Z angl. prel.] Pavel Prudký 
250 |a 1. vyd. 
264 1 |a Praha  |b Victoria Publ.  |c 1994 
300 |a 131 s. 
610 2 0 |a peniaze 
610 2 0 |a pôžičky 
610 2 0 |a podnikanie 
610 2 0 |a úver dlhodobý 
610 2 0 |a úver krátkodobý 
100 1 |a Wood, Oliver G. 
700 1 |a Barksdale, William C. 
700 1 |a Prudký, Pavel